000
00286nam a2200109Ia 4500
001
1276021
005
20260417160439.0
008
260417s9999 xx 000 0 und d
020
_a
9786256999275
245
0
_a
Kitap Yiyen Olağanüstü Çocuk
_c
Oliver Jeffers
260
_b
Ketebe Çocuk
999
_c
1276021
_d
1276021